000 00852nam0a22002531 4500
001 rc\3346785
005 20260408043210.0
021 _aRU
_b[74-9751]
035 _a(NLR Aleph) 007519644
090 _a7721213
_c7721213
100 _a20130115d1973 |||y0rusy50 ca
101 0 _arus
102 _aRU
105 _aa z |||||
200 1 _aТульский комбайновый
_e[Сборник]
210 _aТула
_cПриок. кн. изд-во
_d1973
215 _a310 с., 16 л. ил.
_cил.
_d20
606 _aКомбайновые заводы
_yТула
_xИстория
_jВоспоминания и записки
_2psbo
712 0 2 _aТульский комбайновый завод
_3RU\NLR\AUTH\8810191009
_9871907
801 0 _aRU
_bNLR
_gpsbo
801 1 _aRU
_bELAR
_2rusmarc
852 _aNLR
_j73-3/10446
942 _cBOOK
980 _aNB